000 00952nam a2200277Ia 4500
003 OSt
005 20220925165518.0
006 a|||||r|||| 00| 0
007 ta
008 220923b |||||||| |||| 00| 0 eng d
020 _a9780123736833
_c3276.23
037 _b2035, 23/09/2009, J.S. BOOK DISTRIBUTOR
_cGeneral Book
040 _aRTL
_cRTL
_beng
041 _2eng
_aeng
082 _aX64:891:(B), P9
100 _aTrueck Stefan
_9233638
245 0 _aRating based modeling of credit risk
_b Theory and application of migration matrices.
260 _aAmsterdam
_bElsevier
_c2009
300 _axii, 266p
_ccm.
490 _aAcademic Press Advanced Finance Series
500 _aBibliography: P 249-58
650 _aCommerce
700 _a Rachev Svetlozar T
_9233639
942 _hX64:891:(B), P9
_cGB
_2CC
999 _c477406
_d477406